[Event "HUN-chT2 Charousek 1516"]
[Site "Hungary"]
[Date "2015.11.08"]
[Round "2.12"]
[White "Lovasz, Marcell"]
[Black "Cseh, Andras Peter"]
[Result "1-0"]
[WhiteElo "1802"]
[BlackElo "1421"]
[PlyCount "47"]
[EventDate "2015.10.18"]
[EventType "team-tourn"]
[EventRounds "9"]
[EventCountry "HUN"]
[SourceTitle "CBM 170 Extra"]
[Source "ChessBase"]
[SourceDate "2016.02.25"]
[SourceVersion "1"]
[SourceVersionDate "2016.02.25"]
[SourceQuality "1"]
[WhiteTeam "Komlo"]
[BlackTeam "Hobagoly"]
[WhiteTeamCountry "HUN"]
[BlackTeamCountry "HUN"]

1. d4 d5 2. c4 c6 3. Nc3 Nf6 4. Nf3 Bf5 5. Bf4 e6 6. e3 Bd6 7. Bxd6 Qxd6 8. Bd3 Ne4 9. Bxe4 Bxe4 10. Nxe4 dxe4 11. Nd2 Qb4 12. 0-0 0-0 13. Qc2 f5 14. a3 Qe7 15. Rfd1 Nd7 16. b4 b6 17. Rac1 c5 18. dxc5 bxc5 19. Qc3 a6 20. Nb3 Rab8 21. Rd2 cxb4 22. axb4 Qxb4 23. Rxd7 Qxb3 24. Qxg7# 1-0

[Event "HUN-chT2 Charousek 1516"]
[Site "Hungary"]
[Date "2015.10.18"]
[Round "1.12"]
[White "Arvai, Eszter"]
[Black "Lovasz, Marcell"]
[Result "1/2-1/2"]
[WhiteElo "2006"]
[BlackElo "1802"]
[PlyCount "52"]
[EventDate "2015.10.18"]
[EventType "team-tourn"]
[EventRounds "9"]
[EventCountry "HUN"]
[SourceTitle "CBM 170 Extra"]
[Source "ChessBase"]
[SourceDate "2016.02.25"]
[SourceVersion "1"]
[SourceVersionDate "2016.02.25"]
[SourceQuality "1"]
[WhiteTeam "Tapolca Rockwool"]
[BlackTeam "Komlo"]
[WhiteTeamCountry "HUN"]
[BlackTeamCountry "HUN"]

1. d4 d5 2. Nf3 Nf6 3. g3 Bg4 4. Bg2 e6 5. Ne5 Bf5 6. Bf4 Nbd7 7. Nd2 c5 8. Ndf3 Rc8 9. Nh4 Bg6 10. Nhxg6 hxg6 11. c3 cxd4 12. cxd4 Qb6 13. 0-0 Qxb2 14. Rb1 Qxa2 15. Rxb7 Qa6 16. Qb3 Nxe5 17. Bxe5 Nd7 18. Bf4 Nb6 19. Rb8 Rxb8 20. Bxb8 Be7 21. Qc3 0-0 22. Ra1 Qc8 23. Qxc8 Rxc8 24. Bxa7 Ra8 25. Rb1 Rxa7 26. Rxb6 Ra1+ 1/2-1/2

[Event "HUN-chT2 Charousek 1415"]
[Site "Hungary"]
[Date "2015.02.08"]
[Round "6"]
[White "Lovasz, Marcell"]
[Black "Arvai, Eszter"]
[Result "0-1"]
[WhiteElo "1769"]
[BlackElo "2098"]
[PlyCount "76"]
[EventDate "2014.10.12"]
[EventType "team-tourn"]
[EventRounds "9"]
[EventCountry "HUN"]
[SourceTitle "EXT 2016"]
[Source "ChessBase"]
[SourceDate "2015.10.08"]
[SourceVersion "1"]
[SourceVersionDate "2015.10.08"]
[SourceQuality "1"]
[WhiteTeam "Komlo"]
[BlackTeam "Tapolca"]
[WhiteTeamCountry "HUN"]
[BlackTeamCountry "HUN"]

1. d4 d5 2. c4 e6 3. Nc3 Nf6 4. Bg5 Nbd7 5. e3 Bb4 6. Nf3 c5 7. a3 Bxc3+ 8. bxc3 Qa5 9. Qb3 Ne4 10. cxd5 exd5 11. Rc1 c4 12. Qb4 Qxb4 13. axb4 Nb6 14. Bf4 Na4 15. Nd2 Naxc3 16. f3 Nxd2 17. Kxd2 Na2 18. Ra1 Nxb4 19. e4 Be6 20. Kc3 a5 21. Be2 Kd7 22. Rhb1 dxe4 23. fxe4 f5 24. d5 Bf7 25. Bxc4 fxe4 26. Rd1 Rhc8 27. Kb3 Nd3 28. Bxd3 exd3 29. Rxd3 Rc5 30. Rad1 Ke8 31. Be3 Rb5+ 32. Ka4 Rb4+ 33. Ka3 Rc8 34. d6 Kd7 35. Bd2 Rc2 36. Ra1 Rb5 37. Bc3 Rb3+ 38. Ka4 Rcxc3 0-1

[Event "HUN-ch U14"]
[Site "Balatonlelle"]
[Date "2014.06.25"]
[Round "6"]
[White "Lovasz, Marcell"]
[Black "Nemeth, Balint"]
[Result "0-1"]
[WhiteElo "1790"]
[BlackElo "1572"]
[PlyCount "70"]
[EventDate "2014.06.20"]
[EventType "swiss"]
[EventRounds "9"]
[EventCountry "HUN"]
[SourceTitle "EXT 2024"]
[Source "ChessBase"]
[SourceDate "2023.10.10"]
[SourceVersion "1"]
[SourceVersionDate "2023.10.10"]
[SourceQuality "1"]

1. d4 d5 2. Nf3 c5 3. e3 e6 4. c4 Nf6 5. Nc3 Nc6 6. Be2 dxc4 7. Bxc4 Be7 8. 0-0 0-0 9. b3 cxd4 10. exd4 a6 11. Bb2 b5 12. Bd3 Bb7 13. Re1 Nb4 14. Ne4 Nbd5 15. Rc1 Rc8 16. Bb1 Qa5 17. Qd3 h6 18. Ne5 Rfd8 19. Nxf6+ Nxf6 20. Ng4 Bd5 21. Bc3 Qa3 22. Nxf6+ Bxf6 23. Qd2 Qd6 24. Bb4 Bg5 25. Qxg5 Qxb4 26. Qe3 Bb7 27. Red1 Rxc1 28. Rxc1 Qxd4 29. Qe2 Qd2 30. Qf1 Rd4 31. Bc2 Rg4 32. g3 Qd5 33. f3 Qxf3 34. Qxf3 Bxf3 35. Bb1 Be4 0-1

[Event "HUN-ch U14"]
[Site "Balatonlelle"]
[Date "2014.06.23"]
[Round "4"]
[White "Kovacs, Bence"]
[Black "Lovasz, Marcell"]
[Result "1/2-1/2"]
[WhiteElo "1886"]
[BlackElo "1790"]
[PlyCount "46"]
[EventDate "2014.06.20"]
[EventType "swiss"]
[EventRounds "9"]
[EventCountry "HUN"]
[SourceTitle "EXT 2024"]
[Source "ChessBase"]
[SourceDate "2023.10.10"]
[SourceVersion "1"]
[SourceVersionDate "2023.10.10"]
[SourceQuality "1"]

1. e4 c5 2. Nf3 Nc6 3. d4 cxd4 4. Nxd4 Nf6 5. Nc3 e5 6. Ndb5 d6 7. Bg5 a6 8. Na3 b5 9. Nd5 Be7 10. Bxf6 Bxf6 11. c4 b4 12. Nc2 a5 13. g3 Bb7 14. Bg2 0-0 15. 0-0 Rc8 16. b3 Bg5 17. Qd3 Ne7 18. Nce3 Nxd5 19. Nxd5 Bxd5 20. Qxd5 Qb6 21. Rad1 Rfd8 22. Kh1 Qc5 23. Qd3 a4 1/2-1/2

[Event "HUN-ch U14"]
[Site "Balatonlelle"]
[Date "2014.06.20"]
[Round "1"]
[White "Lovasz, Marcell"]
[Black "Marosi, Levente"]
[Result "0-1"]
[WhiteElo "1790"]
[BlackElo "2113"]
[PlyCount "54"]
[EventDate "2014.06.20"]
[EventType "swiss"]
[EventRounds "9"]
[EventCountry "HUN"]
[SourceTitle "EXT 2024"]
[Source "ChessBase"]
[SourceDate "2023.10.10"]
[SourceVersion "1"]
[SourceVersionDate "2023.10.10"]
[SourceQuality "1"]

1. d4 Nf6 2. c4 g6 3. Nc3 Bg7 4. e4 d6 5. Be2 0-0 6. Bg5 h6 7. Be3 Nbd7 8. Qd2 Kh7 9. h3 c5 10. d5 Qa5 11. Bd3 a6 12. Nge2 Rb8 13. a4 Ne5 14. 0-0 Bxh3 15. f4 Nxd3 16. Qxd3 Bd7 17. f5 Ng4 18. Bd2 Qc7 19. Qg3 h5 20. Nf4 Bd4+ 21. Kh1 Be5 22. Qh3 Kg7 23. Nce2 b5 24. Ng3 Rh8 25. Ngxh5+ gxh5 26. Nxh5+ Rxh5 27. Qxh5 Rh8 0-1

[Event "HUN-chT2 Charousek 1314"]
[Site "Hungary"]
[Date "2014.03.23"]
[Round "9"]
[White "Lovasz, Marcell"]
[Black "Balogh, Mate"]
[Result "0-1"]
[WhiteElo "1761"]
[BlackElo "2005"]
[PlyCount "96"]
[EventDate "2013.09.08"]
[EventType "team-tourn"]
[EventRounds "11"]
[EventCountry "HUN"]
[SourceTitle "EXT 2016"]
[Source "ChessBase"]
[SourceDate "2015.10.08"]
[SourceVersion "1"]
[SourceVersionDate "2015.10.08"]
[SourceQuality "1"]
[WhiteTeam "Komlo Banyasz"]
[BlackTeam "Szombathely Haladas II"]
[WhiteTeamCountry "HUN"]
[BlackTeamCountry "HUN"]

1. d4 d5 2. c4 c6 3. Nc3 Nf6 4. Nf3 e6 5. Bg5 Be7 6. e3 0-0 7. Bd3 Nbd7 8. 0-0 b6 9. Nd2 e5 10. cxd5 Nxd5 11. Bxe7 Nxe7 12. f4 exd4 13. exd4 Nf6 14. Nf3 Bg4 15. Ne4 Ned5 16. Qb1 Nxe4 17. Bxe4 f5 18. Bxd5+ Qxd5 19. Qd3 Bxf3 20. Rxf3 Rad8 21. Rd1 Qxa2 22. Qc2 Qd5 23. Re3 Rfe8 24. Re5 Rxe5 25. fxe5 g6 26. Qa4 a5 27. Qc2 c5 28. e6 Qxe6 29. dxc5 Qe3+ 30. Kf1 Rxd1+ 31. Qxd1 Qxc5 32. Qd8+ Kg7 33. Qd1 Kh6 34. Qd2+ g5 35. h4 Qc4+ 36. Kg1 Qxh4 37. Qd6+ Kh5 38. Qxb6 Qe1+ 39. Kh2 Qb4 40. Qf6 Kg4 41. Qc6 Qf4+ 42. Kg1 Qe3+ 43. Kh2 h5 44. Kh1 Kg3 45. Qd6+ f4 46. Qd1 g4 47. b4 axb4 48. Qf1 b3 0-1

[Event "HUN-chT2 Charousek 1314"]
[Site "Hungary"]
[Date "2014.02.16"]
[Round "7"]
[White "Lovasz, Marcell"]
[Black "Acs, Marton"]
[Result "0-1"]
[WhiteElo "1761"]
[BlackElo "1780"]
[PlyCount "102"]
[EventDate "2013.09.08"]
[EventType "team-tourn"]
[EventRounds "11"]
[EventCountry "HUN"]
[SourceTitle "EXT 2016"]
[Source "ChessBase"]
[SourceDate "2015.10.08"]
[SourceVersion "1"]
[SourceVersionDate "2015.10.08"]
[SourceQuality "1"]
[WhiteTeam "Komlo Banyasz"]
[BlackTeam "Tapolca"]
[WhiteTeamCountry "HUN"]
[BlackTeamCountry "HUN"]

1. d4 d5 2. c4 e6 3. Nc3 c5 4. e3 dxc4 5. Bxc4 a6 6. a4 Nf6 7. Nf3 Nc6 8. 0-0 Nb4 9. e4 cxd4 10. Nxd4 Bc5 11. Nb3 Qxd1 12. Rxd1 Be7 13. Bg5 h6 14. Bh4 Nc6 15. Bg3 0-0 16. Rd2 Nd7 17. Bc7 Nde5 18. Be2 g5 19. Nd4 Nxd4 20. Rxd4 Bf6 21. Bxe5 Bxe5 22. Rd3 b6 23. Rad1 Bb7 24. f3 Bc6 25. b3 Rfc8 26. Na2 a5 27. R3d2 Bf4 28. Rc2 Bb7 29. Rc3 Be5 30. Rxc8+ Rxc8 31. Bc4 Bc6 32. Nc1 Bxa4 33. Bxe6 fxe6 34. bxa4 Rc4 35. Nd3 Bd4+ 36. Kf1 Rxa4 37. Rb1 Ra1 38. Rxa1 Bxa1 39. Ke1 a4 40. Kd2 Kf8 41. Kc2 b5 42. Nc5 Ke7 43. g3 Bd4 44. Nd3 e5 45. Nb4 Kd6 46. Nd5 Kc5 47. f4 exf4 48. gxf4 gxf4 49. Nxf4 b4 50. Nd3+ Kc4 51. e5 b3+ 0-1

[Event "HUN-chT2 Charousek 1314"]
[Site "Hungary"]
[Date "2013.09.08"]
[Round "1"]
[White "Haselbach, David"]
[Black "Lovasz, Marcell"]
[Result "1/2-1/2"]
[WhiteElo "1667"]
[BlackElo "1761"]
[PlyCount "80"]
[EventDate "2013.09.08"]
[EventType "team-tourn"]
[EventRounds "11"]
[EventCountry "HUN"]
[SourceTitle "EXT 2016"]
[Source "ChessBase"]
[SourceDate "2015.10.08"]
[SourceVersion "1"]
[SourceVersionDate "2015.10.08"]
[SourceQuality "1"]
[WhiteTeam "Nagykanizsa II"]
[BlackTeam "Komlo Banyasz"]
[WhiteTeamCountry "HUN"]
[BlackTeamCountry "HUN"]

1. e4 c5 2. Nf3 e6 3. d3 Nc6 4. g3 d6 5. Bg2 Nf6 6. 0-0 Be7 7. c3 0-0 8. Na3 a6 9. Nc2 Qc7 10. Qe2 Bd7 11. Rd1 Rac8 12. Bd2 Rfe8 13. Nh4 e5 14. Nf5 Bxf5 15. exf5 d5 16. g4 h6 17. Rf1 e4 18. dxe4 Nxe4 19. Bxe4 dxe4 20. Rad1 Rcd8 21. Bc1 Bd6 22. h3 Qe7 23. Ne3 Qe5 24. f4 exf3 25. Rxf3 Bc7 26. Rxd8 Rxd8 27. h4 Nd4 28. cxd4 cxd4 29. Qc2 dxe3 30. Bxe3 Re8 31. g5 hxg5 32. hxg5 Qd5 33. Kf2 Qd6 34. Bf4 Bb6+ 35. Kg3 Qd4 36. g6 Qg1+ 37. Kh3 fxg6 38. fxg6 Bd8 39. Bh2 Qg5 40. Qc4+ Kh8 1/2-1/2

[Event "HUN-chT2 Asztalos 1213"]
[Site "Hungary"]
[Date "2013.02.17"]
[Round "7.11"]
[White "Lovasz, Marcell"]
[Black "Gyori, Barnabas"]
[Result "1/2-1/2"]
[WhiteElo "1752"]
[BlackElo "1627"]
[PlyCount "46"]
[EventDate "2012.09.16"]
[EventType "team-tourn"]
[EventRounds "9"]
[EventCountry "HUN"]
[SourceTitle "EXT 2014"]
[Source "ChessBase"]
[SourceDate "2013.11.20"]
[SourceVersion "1"]
[SourceVersionDate "2013.11.20"]
[SourceQuality "1"]
[WhiteTeam "Komlo"]
[BlackTeam "Pecs Karmin"]
[WhiteTeamCountry "HUN"]
[BlackTeamCountry "HUN"]

1. d4 d5 2. c4 c6 3. e3 Nf6 4. Nf3 Bf5 5. Nc3 e6 6. Bd2 Bd6 7. Rc1 0-0 8. cxd5 Nxd5 9. Nxd5 cxd5 10. Be2 Nd7 11. 0-0 Nf6 12. Qb3 Qe7 13. a3 Ne4 14. Bb4 Rfc8 15. Bxd6 Nxd6 16. Nd2 Qd7 17. Bd3 Bxd3 18. Qxd3 Rxc1 19. Rxc1 Rc8 20. Rc3 Rxc3 21. Qxc3 Qc6 22. Qxc6 bxc6 23. Kf1 Kf8 1/2-1/2

[Event "HUN-chT2 Asztalos 1112"]
[Site "Hungary"]
[Date "2011.09.25"]
[Round "1.11"]
[White "Haszon, Attila"]
[Black "Lovasz, Marcell"]
[Result "1-0"]
[WhiteElo "1762"]
[BlackElo "1644"]
[PlyCount "95"]
[EventDate "2011.09.25"]
[EventType "team-tourn"]
[EventRounds "11"]
[EventCountry "HUN"]
[SourceTitle "EXT 2013"]
[Source "ChessBase"]
[SourceDate "2012.11.22"]
[SourceVersion "1"]
[SourceVersionDate "2012.11.22"]
[SourceQuality "1"]
[WhiteTeam "Marcali"]
[BlackTeam "Dombovar"]
[WhiteTeamCountry "HUN"]
[BlackTeamCountry "HUN"]

1. d4 d5 2. Nf3 Nf6 3. c4 e6 4. Nc3 Nc6 5. Bg5 Be7 6. e3 0-0 7. Rc1 Nd7 8. Bxe7 Nxe7 9. Qc2 c6 10. Bd3 Nf6 11. Ne5 h6 12. 0-0 dxc4 13. Bxc4 Ned5 14. Rfd1 Nd7 15. Nf3 N7b6 16. Bb3 Bd7 17. a3 Qe7 18. Ne5 Rfd8 19. Ba2 Be8 20. Bb1 g6 21. Ne4 Nd7 22. Nxd7 Rxd7 23. Nc5 Rc7 24. e4 Nf6 25. e5 Nd7 26. Ne4 Kg7 27. Rd3 f6 28. f4 f5 29. Nd6 Nb6 30. Ba2 Nc8 31. Nxe8+ Qxe8 32. Qb3 Re7 33. a4 Nb6 34. Qb4 Rd7 35. a5 Nd5 36. Bxd5 cxd5 37. Rdc3 Rad8 38. Rc7 Qf7 39. Qxb7 Kf8 40. Qxa7 Kg7 41. Qb7 Kh7 42. a6 Kg8 43. a7 Qe8 44. Rxd7 Rxd7 45. Rc7 Rd8 46. Rg7+ Kf8 47. Rh7 Rd7 48. Rh8+ 1-0

[Event "HUN-ch U12"]
[Site "Celldoemoelk"]
[Date "2011.07.02"]
[Round "6"]
[White "Lovasz, Marcell"]
[Black "Szukics, Adam"]
[Result "1/2-1/2"]
[WhiteElo "1555"]
[BlackElo "1626"]
[PlyCount "73"]
[EventDate "2011.06.27"]
[EventType "swiss"]
[EventRounds "7"]
[EventCountry "HUN"]
[SourceTitle "EXT 2012"]
[Source "ChessBase"]
[SourceDate "2011.11.24"]
[SourceVersion "1"]
[SourceVersionDate "2011.11.24"]
[SourceQuality "1"]

1. Nf3 d5 2. g3 Nf6 3. Bg2 e6 4. 0-0 c5 5. d3 Nc6 6. Nbd2 Be7 7. b3 0-0 8. Bb2 Qc7 9. c4 Rd8 10. a3 b6 11. Qc2 Bb7 12. Rfd1 Rac8 13. Rac1 Qb8 14. e3 h6 15. Qb1 Ba8 16. Qa1 Ne8 17. Ne5 Nxe5 18. Bxe5 Bd6 19. Bb2 Be7 20. Be5 Bd6 21. Bb2 Bb7 22. d4 Qa8 23. Nf1 Be7 24. dxc5 Rxc5 25. cxd5 Rxc1 26. Qxc1 Bxd5 27. Bxd5 Rxd5 28. Rxd5 Qxd5 29. Qc8 Qd8 30. Qxd8 Bxd8 31. Nd2 Bf6 32. Bxf6 Nxf6 33. Kf1 Kf8 34. Ke2 Ke7 35. h3 Kd6 36. Kd3 Nd7 37. Ne4+ 1/2-1/2

[Event "HUN-chT2 Asztalos 1011"]
[Site "Hungary"]
[Date "2010.11.21"]
[Round "6.11"]
[White "Havasi, Gergo"]
[Black "Lovasz, Marcell"]
[Result "1-0"]
[WhiteElo "1611"]
[BlackElo "1522"]
[PlyCount "79"]
[EventDate "2010.09.12"]
[EventType "team-tourn"]
[EventRounds "11"]
[EventCountry "HUN"]
[SourceTitle "EXT 2012"]
[Source "ChessBase"]
[SourceDate "2011.11.24"]
[SourceVersion "1"]
[SourceVersionDate "2011.11.24"]
[SourceQuality "1"]
[WhiteTeam "Szekesfehervar"]
[BlackTeam "Pannonpower II"]
[WhiteTeamCountry "HUN"]
[BlackTeamCountry "HUN"]

1. e4 c5 2. Nf3 Nc6 3. d4 cxd4 4. Nxd4 Nf6 5. Nc3 e5 6. Ndb5 d6 7. Bg5 a6 8. Na3 b5 9. Nd5 Be6 10. c3 Be7 11. Bxf6 gxf6 12. Nc2 0-0 13. Nce3 Rb8 14. Qd2 Qd7 15. Bd3 Kh8 16. f3 Rg8 17. g4 Na5 18. b4 Nc6 19. a4 Na7 20. axb5 axb5 21. Ra3 Qb7 22. Ke2 Nc6 23. Rha1 Rge8 24. Ra6 Kg7 25. Rb6 Qd7 26. Rxb8 Rxb8 27. Nf5+ Bxf5 28. gxf5 Kh8 29. Qh6 Qd8 30. Rg1 Bf8 31. Qxf6+ Qxf6 32. Nxf6 Bg7 33. Nd5 f6 34. Ra1 Kg8 35. Ra6 Nd8 36. Rxd6 Nf7 37. Rb6 Rxb6 38. Nxb6 Nd6 39. Nd5 Kf7 40. Nc7 1-0

[Event "HUN-ch U10"]
[Site "Budapest"]
[Date "2010.06.28"]
[Round "3"]
[White "Lovasz, Marcell"]
[Black "Horvath, Kristof"]
[Result "0-1"]
[WhiteElo "1522"]
[BlackElo "1606"]
[PlyCount "92"]
[EventDate "2010.06.26"]
[EventType "swiss"]
[EventRounds "9"]
[EventCountry "HUN"]
[SourceTitle "CBM 137 Extra"]
[Source "ChessBase"]
[SourceDate "2010.09.01"]
[SourceVersion "1"]
[SourceVersionDate "2010.09.01"]
[SourceQuality "1"]

1. d4 d5 2. Nc3 Nf6 3. Bf4 e6 4. Nf3 Bb4 5. e3 Nbd7 6. a3 Bxc3+ 7. bxc3 0-0 8. Bd3 b6 9. 0-0 Bb7 10. Ne5 Nxe5 11. Bxe5 Ne4 12. Bxe4 dxe4 13. Qd2 c5 14. Rfd1 Rc8 15. Rab1 Qd5 16. Bg3 Rfd8 17. Qe2 Qc6 18. Bh4 Rd5 19. c4 Rd7 20. dxc5 Rxd1+ 21. Rxd1 Qxc5 22. Qd2 g5 23. Bg3 Qxc4 24. Be5 Qd5 25. Qxd5 Bxd5 26. c3 Kf8 27. h3 Ke7 28. Rc1 f6 29. Bg3 Bc4 30. f3 Bd3 31. fxe4 Bxe4 32. Kf2 Rd8 33. Re1 Rd2+ 34. Re2 Rxe2+ 35. Kxe2 Bxg2 36. h4 g4 37. Bb8 a6 38. Ba7 b5 39. Bc5+ Kf7 40. Kf2 Bf3 41. Kg3 e5 42. Bb4 Ke6 43. Bf8 f5 44. Bh6 Kd5 45. Bg7 Ke4 46. Kf2 f4 0-1

[Event "HUN-ch U10"]
[Site "Budapest"]
[Date "2010.06.27"]
[Round "2"]
[White "Varga, Balint"]
[Black "Lovasz, Marcell"]
[Result "0-1"]
[WhiteElo "1814"]
[BlackElo "1522"]
[PlyCount "64"]
[EventDate "2010.06.26"]
[EventType "swiss"]
[EventRounds "9"]
[EventCountry "HUN"]
[SourceTitle "CBM 137 Extra"]
[Source "ChessBase"]
[SourceDate "2010.09.01"]
[SourceVersion "1"]
[SourceVersionDate "2010.09.01"]
[SourceQuality "1"]

1. e4 c5 2. c3 Nc6 3. Nf3 e6 4. d4 cxd4 5. cxd4 Nf6 6. Nc3 d5 7. exd5 exd5 8. Bd3 Bb4 9. 0-0 0-0 10. a3 Bxc3 11. bxc3 Bg4 12. Re1 Re8 13. Rxe8+ Qxe8 14. Qe2 Qxe2 15. Bxe2 Re8 16. Kf1 Ne4 17. Bb2 h6 18. h3 Bxf3 19. Bxf3 Nd2+ 20. Kg1 Nxf3+ 21. gxf3 Re2 22. Bc1 Rc2 23. Be3 Rxc3 24. a4 Rd3 25. a5 Nxd4 26. Bxd4 Rxd4 27. a6 b6 28. Rc1 Ra4 29. Rd1 Rxa6 30. Rxd5 Ra5 31. Rd8+ Kh7 32. Rd7 f6 0-1

[Event "HUN-chT2 Asztalos 0910"]
[Site "Hungary"]
[Date "2010.02.14"]
[Round "6"]
[White "Lovasz, Marcell"]
[Black "Fur, Katinka"]
[Result "0-1"]
[WhiteElo "1528"]
[BlackElo "1870"]
[PlyCount "36"]
[EventDate "2009.11.08"]
[EventType "team-tourn"]
[EventRounds "11"]
[EventCountry "HUN"]
[SourceTitle "EXT 2011"]
[Source "ChessBase"]
[SourceDate "2010.11.26"]
[SourceVersion "1"]
[SourceVersionDate "2010.11.26"]
[SourceQuality "1"]
[WhiteTeam "Pannonpower II"]
[BlackTeam "Nagyatad"]
[WhiteTeamCountry "HUN"]
[BlackTeamCountry "HUN"]

1. Nf3 Nf6 2. g3 d5 3. Bg2 c6 4. 0-0 Bf5 5. d3 e6 6. Nbd2 Be7 7. b3 Nbd7 8. Bb2 h6 9. c4 0-0 10. Rc1 a5 11. Re1 a4 12. Ne5 Nxe5 13. Bxe5 Nd7 14. Bb2 axb3 15. axb3 Ra2 16. Qc2 Ba3 17. Rb1 Qf6 18. Bxf6 Rxc2 0-1

[Event "HUN-chT2 Asztalos 0910"]
[Site "Hungary"]
[Date "2009.12.06"]
[Round "3"]
[White "Lovasz, Marcell"]
[Black "Ragyelik, Andras"]
[Result "1/2-1/2"]
[WhiteElo "1553"]
[BlackElo "1734"]
[PlyCount "61"]
[EventDate "2009.11.08"]
[EventType "team-tourn"]
[EventRounds "11"]
[EventCountry "HUN"]
[SourceTitle "EXT 2011"]
[Source "ChessBase"]
[SourceDate "2010.11.26"]
[SourceVersion "1"]
[SourceVersionDate "2010.11.26"]
[SourceQuality "1"]
[WhiteTeam "Pannonpower II"]
[BlackTeam "Dunaujvaros"]
[WhiteTeamCountry "HUN"]
[BlackTeamCountry "HUN"]

1. Nf3 Nf6 2. g3 d5 3. d4 e6 4. Bg2 Be7 5. 0-0 0-0 6. Nbd2 b6 7. c4 Bb7 8. b3 Ne4 9. Bb2 Nd7 10. Qc2 c5 11. e3 Rc8 12. Rac1 h5 13. h4 Ndf6 14. Qd1 Ng4 15. Nxe4 dxe4 16. Nh2 Nxh2 17. Kxh2 g6 18. dxc5 Bxc5 19. Qxd8 Rfxd8 20. Rfd1 Be7 21. Bf1 f5 22. Be2 Kf7 23. Rxd8 Rxd8 24. Rd1 Rxd1 25. Bxd1 Bf6 26. Bxf6 Kxf6 27. Kg2 Ke5 28. f3 Kd6 29. f4 Kc5 30. a3 a5 31. Be2 1/2-1/2